Best Picture Nominees 1980-1989 Quiz Stats

 Plays Quiz not verified by Sporcle

Also try: Shared Movie Chain
Challenge
Share
Tweet
Embed
Score 0/50 Timer 10:00
0 Plays Today
Year Movie % Correct
1988*Rain Man
94.8%
1989*Driving Miss Daisy
92.9%
1982*Gandhi
89%
1986*Platoon
89%
1980Raging Bull
88.4%
1982E.T. The Extra Terrestrial
88.4%
1984*Amadeus
88.4%
1981Raiders of the Lost Ark
86.5%
1983*Terms of Endearment
86.5%
1985*Out of Africa
86.5%
1981On Golden Pond
85.8%
1985The Color Purple
85.8%
1987Moonstruck
85.8%
1987Fatal Attraction
81.9%
1980*Ordinary People
81.3%
1989My Left Foot
80.6%
1980Coal Miner's Daughter
79.4%
1982Tootsie
79.4%
1989Field of Dreams
76.8%
1985Witness
76.1%
1981Reds
75.5%
1981*Chariots of Fire
74.2%
1989Dead Poet's Society
72.3%
1988Working Girl
65.8%
1980The Elephant Man
62.6%
Year Movie % Correct
1987*The Last Emperor
62.6%
1989Born on the Fourth of July
61.9%
1985Kiss of the Spider Woman
61.3%
1986Hannah and Her Sisters
61.3%
1986Children of a Lesser God
59.4%
1985Prizzi's Honor
52.9%
1983The Right Stuff
52.3%
1987Broadcast News
51.6%
1983Tender Mercies
49%
1988Mississippi Burning
47.7%
1988Dangerous Liaisons
46.5%
1984The Killing Fields
45.2%
1982The Verdict
43.9%
1983The Big Chill
43.2%
1984Places in the Heart
40%
1981Atlantic City
38.1%
1982Missing
32.3%
1986The Mission
32.3%
1984A Passage to India
31.6%
1986A Room with a View
29.7%
1983The Dresser
27.1%
1988The Accidental Tourist
26.5%
1980Tess
24.5%
1984A Soldier's Story
16.1%
1987Hope and Glory
12.9%

You're not logged in!

Compare scores with friends on all Sporcle quizzes.
Join for Free
OR
Log In

You Might Also Like...

Show Comments

Extras

Top Quizzes Today


Score Distribution

Your Account Isn't Verified!

In order to create a playlist on Sporcle, you need to verify the email address you used during registration. Go to your Sporcle Settings to finish the process.

Report this User

Report this user for behavior that violates our Community Guidelines.

Details: